000 00861nam a2200289 i 4500
001 C2-0302269
003 PPAK
005 20180728083337.0
008 100120s2001 xxua|||| ||||| | eng d
020 _a0787648795
040 _aPPAK
_beng
_cPPAK
_erda
082 0 4 _a347.73260264
_223
090 0 0 _a347.73260264
_bBRA
_dRLCK
100 1 _aBrannen, Daniel E.,
_eauthor
245 1 0 _aSupreme court drama
_bcases that changed America
264 1 _aUnited States :
_bU.X.L ,
_c2001
300 _alxxxvii, 253-479 pages :
_billustrations ;
_c24 cm
336 _2rdacontent
_atext
337 _2rdamedia
_aunmediated
338 _2rdacarrier
_avolume
490 1 _aVol. 2
650 1 0 _aConstitutional law - United States - Cases - Juvenile literature
700 _eauthor
700 1 _aShaw, Elizabeth,
_eeditor
830 0 _aVol. 2
942 _ddc
_cB
999 _c105939
_d105939